UBT Library

Chemistry : (Record no. 879)

000 -LEADER
fixed length control field 00613nam a22002057a 4500
008 - FIXED-LENGTH DATA ELEMENTS--GENERAL INFORMATION
fixed length control field 150521b xxu||||| |||| 00| 0 eng d
020 ## - INTERNATIONAL STANDARD BOOK NUMBER
International Standard Book Number 9780030968013
041 0# - LANGUAGE CODE
Language code of text/sound track or separate title eng
080 ## - UNIVERSAL DECIMAL CLASSIFICATION NUMBER
Universal Decimal Classification number 54
100 1# - Rafti
Rafti Oxtoby, David W.
245 10 - TITLE STATEMENT
Title Chemistry :
Statement of responsibility, etc David W. Oxtoby, Norman H. Nachtrieb, Wade A. Freeman.
250 ## -
-- 2nd ed.
260 ## -
-- Philadelphia :
-- Saunders College Pub.,
-- c1994.
300 ## -
-- 1001, 65, 32 f. :
-- me il. ;
-- 27 cm.
490 1# -
-- Saunders golden sunburst series
650 #0 -
-- Kimi
700 1# -
-- Nachtrieb, Norman H.
700 1# -
-- Freeman, Wade A.
942 ## - ADDED ENTRY ELEMENTS (KOHA)
Source of classification or shelving scheme
Item type Books
Holdings
Withdrawn status Lost status Source of classification or shelving scheme Damaged status Not for loan Collection code Permanent location Current location Shelving location Date acquired Total Checkouts Full call number Barcode Date last seen Price effective from Koha item type
          Koleksioni i përgjithshem UBT - Lipjan UBT - Lipjan Koleksioni i përgjithshem 04/25/2017   54 OXT 002-282589 04/25/2017 04/25/2017 Books
UBT Library © 2015-2024. All rights reserved University Education for Business and Technology